Религиозные экстремистские и террористические организации, запрещенные в Российской Федерации Справочная литература
Справочник содержит информацию о религиозных экстремистских и террористических организациях запрещенных в Российской Федерации. Дается общая характеристика экстремизма и терроризма как социальных явлений и юридических понятий. В каждой статье приводятся сведения об истории идеологии структуре и сост...
Guardat en:
| Autor principal: | |
|---|---|
| Format: | Справочная литература |
| Accés en línia: | https://znanium.com/catalog/document?id=370035 https://znanium.com/cover/1228/1228595.jpg |
| Etiquetes: |
Afegir etiqueta
Sense etiquetes, Sigues el primer a etiquetar aquest registre!
|
| LEADER | 04240nam0a2200397 i 4500 | ||
|---|---|---|---|
| 001 | RU\infra-m\znanium\bibl\1228595 | ||
| 003 | https://znanium.com/catalog/document?id=370035 | ||
| 005 | 20201207000000.0 | ||
| 010 | |a 978-5-94991-417-5 | ||
| 100 | |a 20201207d2020 m y0rusy0150 ca | ||
| 101 | 0 | |a rus | |
| 102 | |a RU | ||
| 200 | 1 | |a Религиозные экстремистские и террористические организации, запрещенные в Российской Федерации |e Справочная литература |f Вологодский институт права и экономики Федеральной службы исполнения наказаний | |
| 210 | 1 | |a Вологда |c федеральное казенное образовательное учреждение высшего образования «Вологодский институт права и экономики Федеральной службы исполнения наказаний» |d 2017 | |
| 215 | |a 119 с. | ||
| 330 | |a Справочник содержит информацию о религиозных экстремистских и террористических организациях запрещенных в Российской Федерации. Дается общая характеристика экстремизма и терроризма как социальных явлений и юридических понятий. В каждой статье приводятся сведения об истории идеологии структуре и составе методах деятельности основных регионах активности религиозных экстремистских и террористических организаций в том числе на территории России. Адресован сотрудникам органов внутренних дел и уголовно-исполнительной системы а также всем кто интересуется вопросами борьбы с экстремизмом и терроризмом. | ||
| 333 | |a ВО - Специалитет | ||
| 606 | |a Политика. Социология |x Современное политическое положение государств |2 local | ||
| 608 | |a Справочная литература |2 local | ||
| 675 | |a 29 |z rus | ||
| 686 | |a 667 |2 rubbk | ||
| 686 | |a 862 |2 rubbk | ||
| 686 | |a 40.03.01 |2 okso | ||
| 686 | |a 40.04.01 |2 okso | ||
| 686 | |a 40.05.02 |2 okso | ||
| 686 | |a 41.04.04 |2 okso | ||
| 686 | |a 47.04.03 |2 okso | ||
| 686 | |a 48.04.01 |2 okso | ||
| 700 | 1 | |a Агафонов |b Е.А. |g Евгений Александрович |p Вологодский институт права и экономики Федеральной службы исполнения наказаний | |
| 701 | 1 | |a Агафонова |b О.В. |g Ольга Васильевна |p Вологодский институт права и экономики Федеральной службы исполнения наказаний | |
| 701 | 1 | |a Белова |b Н.А. |g Надежда Алексеевна |p Вологодский институт права и экономики Федеральной службы исполнения наказаний | |
| 702 | 1 | |a Кузьминых |b А.Л. |g Александр Леонидович |p Вологодский институт права и экономики Федеральной службы исполнения наказаний |r Под ред. | |
| 702 | 1 | |a Желтов |b А.А. |g Андрей Александрович |p Вологодский институт права и экономики Федеральной службы исполнения наказаний |r Составитель | |
| 801 | 0 | |a RU |b Общество с ограниченной ответственностью «ЗНАНИУМ» |c 20201205 |2 rusmarc | |
| 856 | 4 | |a znanium.com |m ebs_support@infra-m.ru |n НИЦ ИНФРА-М |u https://znanium.com/catalog/document?id=370035 | |
| 856 | 4 | 1 | |a znanium.com |d /cover/1228 |f 1228595.jpg |q image/jpeg |u https://znanium.com/cover/1228/1228595.jpg |